| 000 | 00628nam a2200229 a 4500 | ||
|---|---|---|---|
| 999 |
_c1094 _d1094 |
||
| 008 | 191125r20092011ii a|||g |||| 00| 0 eng d | ||
| 020 |
_a9788132100850 _cRs. 495.00 |
||
| 040 |
_aKO _beng |
||
| 041 | 0 | _aeng | |
| 044 | _aii | ||
| 082 | 0 | 4 |
_223 _a152.47 _bB4698 |
| 100 | 1 | _aBhave, Swati Y. | |
| 245 | 1 | 0 |
_aAnger Management / _cSwati Y. Bhave and Sunil Saini |
| 260 |
_aNew Delhi : _bSage Publications India Pvt. Ltd. , _c2009, reprinted 2011 |
||
| 300 |
_axviii, 190 p. : _bill. ; _c22 cm |
||
| 504 | _aIncludes Index. | ||
| 650 | 0 | _aAnger | |
| 700 |
_aSaini, Sunil _eaut |
||
| 904 | _aA_BOSE | ||
| 942 | _cBK | ||